000 01554nam a2200313Ia 4500
999 _c53379
_d53379
001 20422
003 GE_BSU
005 20201203200948.0
008 181216s1989||||ge |||||||||||||| ||geo||
040 _cGE_BSU
041 _ageo
080 _a811.353.1-8(075.3) შ-21
100 _aშანიძე, აკაკი
_99820
245 _aქართული ენა : (ლექსიკა და ფრაზეოლოგია, მორფოლოგია, ორთოგრაფია, მეტყველების განვითარება) :
_bმე-6 კლ. სახელმძღვ. /
_cაკაკი შანიძე, ი. იმნაიშვილი, ლ. კვაჭაძე ; რედ. ე პოლოლიკაშვილი.
250 _aმე-5 გამოცემა
264 _aთბილისი :
_bგანათლება,
_c1989.
300 _a110 გვ. ;
_c20 სმ.
541 _h80თ.
653 _aლექსიკა
653 _aფრაზეოლოგია
653 _a მორფოლოგია
653 _aორთოგრაფია
653 _aმეტყველების განვითარება
653 _aქართული ენა
700 _a იმნაიშვილი, ი.
_eავტორი
_99821
700 _aკვაჭაძე, ლ.
_eავტორი
_99166
700 _aპოლოლიკაშვილი, ე.
_eრედაქტორი
_94959
942 _cBK
_2udc